Multiple 'C' Countries Quiz Stats

 Plays Quiz Updated Jul 13, 2016

Challenge
Share
Tweet
Embed
Score 0/8 Timer 03:00
0 Plays Today
Country % Correct
Morocco
77.3%
Democratic Republic of the Congo
77%
Republic of the Congo
67.3%
Czechia
66.3%
Central African Republic
62.2%
Dominican Republic
52.1%
Costa Rica
45.2%
Vatican City
30.4%

You're not logged in!

Compare scores with friends on all Sporcle quizzes.
OR
Log In

You Might Also Like...

Show Comments

Extras

Top Quizzes Today


Score Distribution

Your Account Isn't Verified!

In order to create a playlist on Sporcle, you need to verify the email address you used during registration. Go to your Sporcle Settings to finish the process.

Report this User

Report this user for behavior that violates our Community Guidelines.

Details: